| 000 | 00445nam a2200181Ia 4500 | ||
|---|---|---|---|
| 001 | 22293 | ||
| 005 | 20260414150821.0 | ||
| 008 | 260414t2014||||xx |||||||||||||| ||spa|| | ||
| 041 | _aESP | ||
| 082 |
_a621.31 _bY931 |
||
| 100 |
_aYebra Morón, Juan Antonio _eAUT |
||
| 245 | 0 |
_aSistemas eléctricos de distribución _b |
|
| 260 | _c2014 | ||
| 300 |
_a323 páginas : _c24 cm. |
||
| 650 | _aTCA | ||
| 654 | _aCET | ||
| 942 |
_cLIB _dJUS _fJUS _2ddc _n |
||
| 999 |
_c22293 _d22293 |
||